000 00681nam a2200181 i 4500
001 70938
003 ES-MaACL
005 20250923160853.0
007 t|
008 040804s1978 sp ||||1| spa d
100 1 _aGascón Bueno, Francisco.
_955859
245 1 3 _aEl valle de Alcudia
_b: un ejemplo típico de economía agropecuaria en la España del siglo XVIII /
_cFrancisco Gascón Bueno ; prólogo de Antonio Rumeu de Armas.
260 _a[Ciudad Real :
_bs.n.,
_c1978] (
_fGráf. Castellana)
300 _aXVI, 609 p. ;
_c25 cm +
_e10 map. pleg.
700 1 _aRumeu de Armas, Antonio,
_d1912-2006
_9100991
852 _aES-MaACL
_jA-9422
_bR.98789
999 _c70938
_d70938